|
|
|
|
| LEADER |
00000naa2a2200000 4500 |
| 001 |
612429 |
| 005 |
20260422132349.0 |
| 035 |
|
|
|a (RuTPU)RU\TPU\conf\10551
|
| 035 |
|
|
|a RU\TPU\conf\10550
|
| 090 |
|
|
|a 612429
|
| 100 |
|
|
|a 20150616d2014 k y0rusy50 ca
|
| 101 |
0 |
|
|a rus
|
| 102 |
|
|
|a RU
|
| 135 |
|
|
|a drgn ---uucaa
|
| 181 |
|
0 |
|a i
|
| 182 |
|
0 |
|a b
|
| 200 |
1 |
|
|a Изученность гидрогеологических условий добычи угольного метана на Чалтокском участке (Кузбасс)
|f А. Г. Гридасов, М. С. Воротынцев
|g науч. рук. К. И. Кузеванов
|
| 203 |
|
|
|a Текст
|c электронный
|
| 225 |
1 |
|
|a Роль воды в развитии жизни Земли и формировании ее минеральных ресурсов
|
| 300 |
|
|
|a Заглавие с титульного экрана
|
| 320 |
|
|
|a [Библиогр.: с. 40 (4 назв.)]
|
| 337 |
|
|
|a Adobe Reader
|
| 463 |
|
1 |
|0 (RuTPU)RU\TPU\conf\10372
|t Творчество юных - шаг в успешное будущее
|o материалы VII Всероссийской научной студенческой конференции с элементами научной школы имени профессора М.К. Коровина, г. Томск, 10-14 ноября 2014 г.
|f Национальный исследовательский Томский политехнический университет (ТПУ) ; под ред. А. Ю. Дмитриева
|v [С. 38-40]
|d 2014
|
| 610 |
1 |
|
|a труды учёных ТПУ
|
| 610 |
1 |
|
|a электронный ресурс
|
| 610 |
1 |
|
|a гидрогеологические условия
|
| 610 |
1 |
|
|a угольный метан
|
| 610 |
1 |
|
|a метан
|
| 610 |
1 |
|
|a Кузбасс
|
| 610 |
1 |
|
|a подземные воды
|
| 610 |
1 |
|
|a утилизация
|
| 700 |
|
1 |
|a Гридасов
|b А. Г.
|c гидрогеолог
|c ассистент кафедры Томского политехнического университета
|g Александр Геннадьевич
|3 (RuTPU)RU\TPU\pers\36272
|
| 701 |
|
1 |
|a Воротынцев
|b М. С.
|
| 702 |
|
1 |
|a Кузеванов
|b К. И.
|c геолог
|c доцент Томского политехнического университета, кандидат геолого-минералогических наук
|f 1955-
|g Константин Иванович
|4 727
|
| 712 |
0 |
2 |
|a Национальный исследовательский Томский политехнический университет (ТПУ)
|b Институт природных ресурсов (ИПР)
|b Кафедра гидрогеологии, инженерной геологии и гидрогеоэкологии (ГИГЭ)
|3 (RuTPU)RU\TPU\col\18664
|
| 801 |
|
2 |
|a RU
|b 63413507
|c 20161013
|g RCR
|
| 856 |
4 |
|
|u http://www.lib.tpu.ru/fulltext/c/2015/C66/012.pdf
|
| 942 |
|
|
|c BK
|